Thời gian của người

Saved in:
Bibliographic Details
Main Author: Nguyễn Khải
Format: Book
Language:Vietnamese
Published: H. Tác phẩm mới 1985
Subjects:
Tags: Add Tag
No Tags, Be the first to tag this record!
Institutions: Mạng thư viện Đại học Đà Nẵng
LEADER 00981nam a22003138a 4500
001 000005414
003 1558
005 20120416130453.0
008 110816s1985 b 000 0 vieod
020 |c 6000đ  |d 15100b 
041 0 |a vie 
082 |a 895.9223  |b NG-K 
100 1 |a Nguyễn Khải 
245 1 0 |a Thời gian của người  |c Nguyễn Khải 
260 |a H.  |b Tác phẩm mới  |c 1985 
300 |a 150tr  |c 19cm 
653 |a Tiểu thuyết 
653 |a Văn học hiện đại 
653 |a Việt Nam 
OWN |a LSP 
AVA |a UDN50  |b LSP  |d 895.9223 NG-K  |e unavailable  |t Error 5002 Not defined in file expand_doc_bib_avail.  |f 2  |g 2  |h N  |i 0  |k 1 
999 |a From the UDN01 
AVA |a UDN50  |b LSP  |d 895.9223 NG-K  |e unavailable  |t Error 5002 Not defined in file expand_doc_bib_avail.  |f 2  |g 2  |h N  |i 0  |k 1 
TYP |a Monograph 
TYP |a Printed language 
980 |a Mạng thư viện Đại học Đà Nẵng